[Event "World Blitz Women 2017"]
[Site "Riyadh KSA"]
[Date "2017.12.30"]
[Round "12.15"]
[White "Javakhishvili, Lela"]
[Black "Mkrtchian, Lilit"]
[Result "1/2-1/2"]
[WhiteTitle "IM"]
[BlackTitle "IM"]
[WhiteElo "2449"]
[BlackElo "2376"]
[WhiteFideId "13601458"]
[BlackFideId "13300601"]
[EventDate "2017.12.29"]

1. d4 Nf6 2. Nf3 e6 3. Bf4 d5 4. e3 c5 5. c3 Nc6 6. Nbd2 Be7 7. h4 Bd6 8. dxc5
Bxc5 9. Bd3 Bd6 10. Bc2 e5 11. Bg3 e4 12. Bxd6 exf3 13. Ba3 fxg2 14. Rg1 Bh3 15.
Qf3 Qd7 16. Nb3 h5 17. Qg3 O-O-O 18. O-O-O Qg4 19. Qh2 Qe6 20. Nc5 Qg4 21. Rd2
Ne4 22. Bd1 Qf5 23. Bc2 Qg4 24. Bd1 Qf5 25. Bc2 Qg4 26. Bd1 Qf5 1/2-1/2

[Event "World Blitz Women 2017"]
[Site "Riyadh KSA"]
[Date "2017.12.30"]
[Round "12.16"]
[White "Ding, Yixin"]
[Black "Skripchenko, Almira"]
[Result "0-1"]
[WhiteTitle "WGM"]
[BlackTitle "IM"]
[WhiteElo "2424"]
[BlackElo "2403"]
[WhiteFideId "8602972"]
[BlackFideId "13900145"]
[EventDate "2017.12.29"]

1. e4 c5 2. b3 Nc6 3. Bb2 a6 4. Nc3 e6 5. Nf3 Nf6 6. Be2 Qc7 7. O-O Bd6 8. h3
O-O 9. Re1 Ne5 10. d4 Nxf3+ 11. Bxf3 cxd4 12. Qxd4 Bc5 13. Qd2 e5 14. Na4 d6 15.
Rad1 Ne8 16. Nxc5 Qxc5 17. Re3 b5 18. Rc3 Qb6 19. Qe2 Bb7 20. Rcd3 Rc8 21. c3 g6
22. Bc1 Qa5 23. Bh6 Ng7 24. Rxd6 Qxc3 25. Rd7 Bc6 26. Ra7 Ra8 27. Rxa8 Bxa8 28.
Rc1 Qb4 29. Qe3 Re8 30. Rc7 Ne6 31. Ra7 Qa5 32. Bg4 Nd4 33. Kh2 Qb6 34. Rd7 Bc6
35. Rd6 Qc7 36. Rf6 Bd7 37. Rxa6 Bxg4 38. hxg4 Qc8 39. Qg5 Qxa6 40. f4 exf4 41.
Qc5 Qf6 42. g5 Qe5 43. Qb6 Ne6 44. Qc6 Nd4 45. Qd7 b4 46. Kg1 Rb8 47. Kf2 Ne6
48. Qe7 Qc5+ 0-1

[Event "World Blitz Women 2017"]
[Site "Riyadh KSA"]
[Date "2017.12.30"]
[Round "12.19"]
[White "Batsiashvili, Nino"]
[Black "Cori T., Deysi"]
[Result "1/2-1/2"]
[WhiteTitle "IM"]
[BlackTitle "WGM"]
[WhiteElo "2502"]
[BlackElo "2389"]
[WhiteFideId "13602993"]
[BlackFideId "3801934"]
[EventDate "2017.12.29"]

1. d4 Nf6 2. c4 e6 3. Nc3 Bb4 4. Nf3 c5 5. g3 O-O 6. Bg2 d5 7. O-O cxd4 8. Nxd4
dxc4 9. Ndb5 Nc6 10. Bg5 a6 11. Na3 Bxa3 12. bxa3 Qa5 13. Bxf6 gxf6 14. Ne4 Kg7
15. Qc1 e5 16. Qxc4 Nd4 17. e3 Be6 18. Qd3 Qb5 19. Qxb5 Nxb5 20. a4 Na3 21. Nc5
Bc4 22. Rfc1 b5 23. Bxa8 Rxa8 24. a5 Rc8 25. Nxa6 Ra8 26. Nb4 Rxa5 27. Rc3 Ra4
28. Nc6 b4 29. Rcc1 Bd5 30. Rc5 Be4 31. Rac1 Ra8 32. Nxb4 Rd8 33. Nc6 Rd2 34.
Nb4 Bf3 35. Rc7 Nb5 36. R7c5 Nd6 37. R5c2 Ne4 38. Rxd2 Nxd2 39. a4 Bg4 40. a5
Nf3+ 41. Kf1 Nd2+ 42. Kg2 Nb3 43. Rc7 Nxa5 44. e4 Be6 45. Nd5 Nb3 46. Ne7 Nd4
47. f3 h5 48. h4 Bb3 49. Rb7 Bc4 50. Nd5 Be2 51. f4 Bf3+ 52. Kf2 Bxe4 53. Rd7
Bf5 54. Rd8 Ne6 55. Rb8 Be4 56. Nc3 Bc6 57. Rc8 Bb7 58. Rb8 Bc6 59. fxe5 fxe5
60. Rb4 f5 61. Ne2 Kf6 62. Rb6 Ba8 63. Ra6 Bb7 64. Rb6 Ba8 65. Nc3 f4 66. Ra6
Bb7 67. Rb6 Ba8 68. Rb8 Bc6 69. Rc8 Bb7 70. Rb8 Bc6 71. gxf4 exf4 72. Rh8 Kg6
73. Rc8 Bd7 74. Rb8 Kf5 75. Rb7 Bc8 76. Rb8 Bd7 77. Rb7 Bc8 78. Rb4 Kg4 79. Nd5
Kxh4 80. Nxf4 Nxf4 81. Rxf4+ Bg4 82. Rb4 Kg5 83. Kg3 Kf5 84. Rb5+ 1/2-1/2

[Event "World Blitz Women 2017"]
[Site "Riyadh KSA"]
[Date "2017.12.30"]
[Round "12.20"]
[White "Guo, Qi"]
[Black "Saduakassova, Dinara"]
[Result "1/2-1/2"]
[WhiteTitle "IM"]
[BlackTitle "IM"]
[WhiteElo "2396"]
[BlackElo "2460"]
[WhiteFideId "8604002"]
[BlackFideId "13700090"]
[EventDate "2017.12.29"]

1. c4 Nf6 2. Nf3 b6 3. g3 Bb7 4. Bg2 g6 5. O-O Bg7 6. d4 O-O 7. Re1 e6 8. Nc3 d5
9. Ne5 Nbd7 10. Qa4 Nxe5 11. dxe5 Ne4 12. f4 Nc5 13. Qc2 dxc4 14. Bxb7 Nxb7 15.
Be3 Qe7 16. Ne4 Rad8 17. Qxc4 Rd7 18. Rac1 c5 19. a3 Na5 20. Qc3 Rfd8 21. b4
cxb4 22. axb4 Nb7 23. Qa3 Qf8 24. Qa4 Qe7 25. Kf2 f5 26. exf6 Bxf6 27. Qb3 Nd6
28. Nxf6+ Qxf6 29. Kg2 Nf5 30. Bf2 Nd4 31. Qc4 Qf7 32. e4 b5 33. Qa2 e5 34.
Qxf7+ Kxf7 35. fxe5 Ne6 36. Ra1 Rc7 37. Rec1 Rxc1 38. Rxc1 Rd2 39. Ra1 Rb2 40.
Rxa7+ Kg8 41. Ra6 Ng5 42. Kg1 Nxe4 43. Bc5 Nxc5 44. bxc5 Rc2 45. Rc6 b4 46. Rb6
Rxc5 47. Rxb4 Rxe5 1/2-1/2

[Event "World Blitz Women 2017"]
[Site "Riyadh KSA"]
[Date "2017.12.30"]
[Round "12.21"]
[White "Zawadzka, Jolanta"]
[Black "Voit, Daria"]
[Result "1-0"]
[WhiteTitle "WGM"]
[BlackTitle "FM"]
[WhiteElo "2424"]
[BlackElo "2390"]
[WhiteFideId "1122320"]
[BlackFideId "4182146"]
[EventDate "2017.12.29"]

1. e4 c5 2. Nf3 d6 3. d4 cxd4 4. Nxd4 Nf6 5. f3 e5 6. Nb3 Nc6 7. c4 a5 8. Be3 a4
9. N3d2 Be6 10. Nc3 Qa5 11. Rc1 Be7 12. Be2 Bd8 13. Ndb1 O-O 14. O-O Bb6 15. Qd2
Bxe3+ 16. Qxe3 Nd4 17. Na3 Qb6 18. Kh1 Qxb2 19. Nab5 Nxb5 20. Nxb5 Qb4 21. Rb1
Qc5 22. Qxc5 dxc5 23. Nc7 Rad8 24. Nd5 Bxd5 25. exd5 Rb8 26. Rb5 b6 27. Rfb1 Nd7
28. Bd1 Ra8 29. Kg1 f5 30. Bc2 g6 31. Kf2 Kg7 32. Re1 Kf6 33. Re3 Ra7 34. Ra3
Rfa8 35. g3 Ke7 36. Rd3 Kd6 37. Re3 Ra5 38. Rb1 Rb8 39. Bd3 Nf6 40. h3 Ra7 41.
Ree1 Re7 42. Bc2 Ra7 43. g4 fxg4 44. hxg4 Nd7 45. Ke3 Rf8 46. Rh1 Rf7 47. Rh2
Ra8 48. Rbh1 Raf8 49. Rh3 a3 50. Ke2 Nb8 51. Be4 Na6 52. Rxh7 Rxh7 53. Rxh7 Rf6
54. Rb7 Nb4 55. Rxb6+ Ke7 56. Rb7+ Kf8 57. Ra7 Ra6 58. Rxa6 Nxa6 59. Bxg6 Nb4
60. Bb1 Ke7 61. Ke3 Kf6 62. f4 exf4+ 63. Kxf4 Na6 64. g5+ Kf7 65. Ke5 Nb8 66.
g6+ Kg7 67. Kd6 Na6 68. Kc6 Kf6 69. d6 1-0

[Event "World Blitz Women 2017"]
[Site "Riyadh KSA"]
[Date "2017.12.30"]
[Round "12.22"]
[White "Zhu, Chen"]
[Black "Girya, Olga"]
[Result "0-1"]
[WhiteTitle "GM"]
[BlackTitle "WGM"]
[WhiteElo "2423"]
[BlackElo "2484"]
[WhiteFideId "8600546"]
[BlackFideId "4195752"]
[EventDate "2017.12.29"]

1. e4 c6 2. d4 d5 3. e5 Bf5 4. Nd2 e6 5. Nb3 Nd7 6. Nf3 Qc7 7. Be2 c5 8. O-O c4
9. Nbd2 h6 10. b3 c3 11. Nb1 Bb4 12. a3 Qa5 13. Bd3 Ne7 14. Bxf5 Nxf5 15. g4 Ne7
16. Qd3 Ng6 17. Re1 Rc8 18. Kg2 Be7 19. Kg3 h5 20. h3 a6 21. a4 b5 22. Be3 b4
23. Ng1 Qb6 24. Ne2 a5 25. Rg1 Qc7 26. Kg2 Nh4+ 27. Kf1 hxg4 28. hxg4 Nf3 29.
Rg3 Nh4 30. Rg1 g5 31. Ng3 Nf8 32. Nh5 Nfg6 33. Qb5+ Kf8 34. Ke2 Rg8 35. Qd3
Nf4+ 36. Bxf4 gxf4 37. Nxf4 Ng6 38. Nh5 Bg5 39. Kf1 Qc6 40. Qb5 Ke7 41. Qxa5 Rb8
42. Qa7+ Rb7 43. Qc5+ Qxc5 44. dxc5 Rc8 45. a5 Rxc5 46. a6 Ra7 47. Ra4 Rb5 48.
Ke2 Rb6 49. Rf1 Nf4+ 50. Nxf4 Bxf4 51. Rh1 Raxa6 52. Rxa6 Rxa6 53. Kf3 Bxe5 54.
Ke3 Ra1 55. f4 Bd6 56. Kf3 Ra2 57. Rh2 Rb2 58. Nxc3 bxc3 59. Ke3 Bc5+ 60. Kd3 d4
61. Ke4 Rb1 62. Kd3 Bb6 63. Kc4 Rd1 64. b4 Rd2 65. Rh8 Rxc2 66. Rb8 Bc7 67. Rb7
Kd6 68. Kxd4 Kc6 69. Kd3 Rc1 70. Ra7 c2 71. Ra2 Bxf4 72. Rb2 Rd1+ 73. Kxc2 Rd2+
74. Kc3 Rxb2 75. Kxb2 Kb5 76. Kc3 Bd6 77. Kd4 Bxb4 78. Ke5 Be7 79. Kf4 f6 0-1

[Event "World Blitz Women 2017"]
[Site "Riyadh KSA"]
[Date "2017.12.30"]
[Round "12.23"]
[White "Nguyen, Thi Mai Hung"]
[Black "Berend, Elvira"]
[Result "0-1"]
[WhiteTitle "WGM"]
[BlackTitle "WGM"]
[WhiteElo "2321"]
[BlackElo "2303"]
[WhiteFideId "12401676"]
[BlackFideId "4000510"]
[EventDate "2017.12.29"]

1. d4 Nf6 2. Nf3 g6 3. g3 d5 4. Bg2 Bg7 5. O-O O-O 6. c4 c6 7. Qb3 Qb6 8. Nc3
Rd8 9. c5 Qxb3 10. axb3 Na6 11. Bf4 Bf5 12. h3 h6 13. g4 Be4 14. Be5 Ne8 15.
Bxg7 Kxg7 16. e3 Nf6 17. Ra3 Nc7 18. b4 a6 19. Rfa1 Rab8 20. Na4 Nb5 21. R3a2
Nd7 22. Nc3 Nxc3 23. bxc3 Bxf3 24. Bxf3 e5 25. Rd2 e4 26. Be2 f5 27. c4 Nf6 28.
Rb2 fxg4 29. hxg4 dxc4 30. Rc1 Rd5 31. Kh2 Rg5 32. Kh3 h5 33. gxh5 Nxh5 34. Bxh5
Rh8 0-1

[Event "World Blitz Women 2017"]
[Site "Riyadh KSA"]
[Date "2017.12.30"]
[Round "12.24"]
[White "Stefanova, Antoaneta"]
[Black "Bulmaga, Irina"]
[Result "1/2-1/2"]
[WhiteTitle "GM"]
[BlackTitle "IM"]
[WhiteElo "2500"]
[BlackElo "2427"]
[WhiteFideId "2902257"]
[BlackFideId "13903063"]
[EventDate "2017.12.29"]

1. d4 Nf6 2. Nf3 e6 3. e3 b6 4. Bd3 Bb7 5. c4 d5 6. O-O dxc4 7. Bxc4 a6 8. Qe2
Nbd7 9. Nc3 b5 10. Bb3 c5 11. Rd1 c4 12. Bc2 Be7 13. e4 O-O 14. Bg5 b4 15. Nb1
Rc8 16. Nbd2 c3 17. bxc3 Rxc3 18. Bd3 Nh5 19. Be3 a5 20. e5 g6 21. Ne4 Bxe4 22.
Bxe4 Nb6 23. Bd2 Rc8 24. a3 Nd5 25. axb4 axb4 26. Bxd5 Qxd5 27. Rab1 Rb8 28. Qd3
Ng7 29. Rb3 Rb7 30. Rdb1 Rfb8 31. Bg5 Bf8 32. Bf6 Nf5 33. g4 Ne7 34. Ng5 h6 35.
Ne4 Qc6 36. Nd6 Rc7 37. Ne4 Nd5 38. Bh4 Qc2 39. Qxc2 Rxc2 40. Nf6+ Nxf6 41. Bxf6
Rbc8 42. h3 Rc1+ 43. Kg2 R8c3 44. Rxc3 Rxc3 45. Bd8 Rd3 46. Bb6 b3 47. Bc5 Bxc5
48. dxc5 Rc3 49. c6 g5 50. c7 Rxc7 51. Rxb3 Rc5 52. Re3 Kg7 53. Kg3 Kg6 1/2-1/2

[Event "World Blitz Women 2017"]
[Site "Riyadh KSA"]
[Date "2017.12.30"]
[Round "12.25"]
[White "Hoang, Thanh Trang"]
[Black "Munguntuul, Batkhuyag"]
[Result "1-0"]
[WhiteTitle "GM"]
[BlackTitle "IM"]
[WhiteElo "2439"]
[BlackElo "2397"]
[WhiteFideId "12400149"]
[BlackFideId "4900758"]
[EventDate "2017.12.29"]

1. d4 d5 2. c4 c6 3. Nf3 Nf6 4. Qc2 dxc4 5. Qxc4 Bf5 6. g3 Nbd7 7. Bg2 e6 8. O-O
Be7 9. Nc3 O-O 10. Re1 b5 11. Qxc6 b4 12. Nd1 Rc8 13. Qa6 Nb8 14. Qa4 Bc2 15.
Qxa7 Nc6 16. Qa6 Nxd4 17. Nxd4 Qxd4 18. Ne3 Be4 19. Rd1 Qe5 20. Nc4 Qc7 21. b3
Ra8 22. Qb6 Qxb6 23. Nxb6 Ra6 24. Na4 h6 25. Bb2 Bxg2 26. Kxg2 Rfa8 27. Rac1 Nd5
28. e4 Nb6 29. Rc7 Bf6 30. Bxf6 gxf6 31. Nxb6 Rxb6 32. Rdd7 Rf8 33. Ra7 Rc6 34.
Rdb7 Rc2 35. Rxb4 Rd8 36. Rc4 Rb2 37. Rc1 Rdd2 38. Rf1 Rxa2 39. Rxa2 Rxa2 40.
Rb1 Kf8 41. b4 Ke7 42. Kf3 Kd6 43. b5 Kc7 44. b6+ Kb7 45. Ke3 e5 46. h4 Ra3+ 47.
Ke2 Ra4 48. f3 Ra6 49. f4 Ra4 50. Kf3 h5 51. Rb5 Ra3+ 52. Kg2 Ra4 53. fxe5 Rxe4
54. exf6 Re6 55. Rxh5 Rxf6 56. Rb5 Re6 57. g4 Re3 58. h5 Rc3 59. h6 Rc8 60. Kg3
Rh8 61. g5 f6 62. Kg4 fxg5 63. Kxg5 Kc6 64. Rb2 Kb7 65. Kg6 1-0

[Event "World Blitz Women 2017"]
[Site "Riyadh KSA"]
[Date "2017.12.30"]
[Round "12.26"]
[White "Tokhirjonova, Gulrukhbegim"]
[Black "Pham, Le Thao Nguyen"]
[Result "1/2-1/2"]
[WhiteTitle "WGM"]
[BlackTitle "IM"]
[WhiteElo "2329"]
[BlackElo "2354"]
[WhiteFideId "14203626"]
[BlackFideId "12401226"]
[EventDate "2017.12.29"]

1. e4 e5 2. Nf3 Nf6 3. Nc3 Nc6 4. d4 exd4 5. Nxd4 Bb4 6. Nxc6 bxc6 7. Bd3 d5 8.
exd5 cxd5 9. O-O O-O 10. h3 c6 11. Qf3 Bd6 12. Bf4 Rb8 13. b3 Be6 14. Ne2 c5 15.
c3 Rb6 16. Rfe1 a5 17. Bc2 h6 18. Rad1 Qb8 19. Bxh6 Ne4 20. Bf4 f5 21. Bxd6 Rxd6
22. Nf4 Bf7 23. Bxe4 fxe4 24. Qe3 Qc7 25. Qg3 Qc6 26. f3 Rf6 27. fxe4 dxe4 28.
Rf1 c4 29. bxc4 Bxc4 30. Rf2 Qc5 31. Kh2 e3 32. Rf3 e2 33. Re1 Re8 34. Nd3 Rxf3
35. Nxc5 Rxg3 36. Kxg3 Bxa2 37. Kf2 Bc4 38. Nb7 a4 39. Nd6 Rf8+ 40. Ke3 Ba6 41.
c4 Rf6 42. Ne4 Re6 43. Rxe2 Bxc4 44. Rd2 a3 45. Kd4 a2 46. Rd1 Bb3 47. Rc1 Ra6
48. Ra1 Ra4+ 49. Ke3 Bd5 50. Nc3 Ra3 51. Kd2 Bf7 52. Kc2 Ra8 53. Kb2 Rb8+ 54.
Kc2 Rc8 55. Kb2 Rb8+ 56. Kc2 Bb3+ 57. Kc1 Bf7 58. Nxa2 Ra8 59. Kb2 Bd5 60. g3
Bxa2 61. Rxa2 Rf8 62. Ra3 Kh7 63. Re3 Rc8 64. Rc3 Rd8 65. Kc2 Kg6 66. Rd3 Re8
67. Kd2 Kh6 68. Re3 Rb8 69. Ke2 Rd8 70. Kf3 g6 71. h4 Rd4 72. Re4 Rd5 73. Kf4
Ra5 74. Rc4 Rb5 75. Ra4 Rc5 76. Kg4 Rc8 77. Ra6 Rc4+ 78. Kh3 Rb4 79. Ra8 Rc4 80.
Rh8+ Kg7 81. Ra8 Kh6 82. Ra3 Rb4 83. g4 Rc4 84. Kg3 Rb4 85. Rf3 Ra4 86. Re3 Rb4
87. Kh3 Ra4 88. h5 gxh5 89. Re6+ Kh7 90. gxh5 Kg7 91. Rg6+ Kh7 1/2-1/2

[Event "World Blitz Women 2017"]
[Site "Riyadh KSA"]
[Date "2017.12.30"]
[Round "12.27"]
[White "Charkhalashvili, Inga"]
[Black "Batchimeg, Tuvshintugs"]
[Result "0-1"]
[WhiteTitle "WGM"]
[BlackTitle "IM"]
[WhiteElo "2355"]
[BlackElo "2398"]
[WhiteFideId "13601431"]
[BlackFideId "4900839"]
[EventDate "2017.12.29"]

1. d4 Nf6 2. c4 c5 3. d5 b5 4. cxb5 a6 5. bxa6 g6 6. Nc3 Bg7 7. e4 O-O 8. Nf3
Qa5 9. Bd3 d6 10. O-O Bxa6 11. Be3 Ng4 12. Bg5 Re8 13. h3 Ne5 14. Nxe5 Bxe5 15.
Bxa6 Qxa6 16. f4 Bd4+ 17. Kh1 Nd7 18. Bh4 Rab8 19. Qc2 Qc4 20. Rab1 Nf6 21. Bxf6
exf6 22. Rfe1 Kg7 23. Rbc1 Bxc3 24. bxc3 Ra8 25. Ra1 Ra3 26. Re3 Rea8 27. e5
fxe5 28. fxe5 Rxa2 29. Rxa2 Rxa2 30. Qe4 Qf1+ 31. Kh2 dxe5 32. Qxe5+ Qf6 33. Qg3
Rd2 34. c4 Rd1 35. Rf3 Qa1 36. Qf2 Rh1+ 37. Kg3 Qe5+ 38. Kg4 h5+ 39. Kh4 Qe7+
40. Kg3 Qg5# 0-1

[Event "World Blitz Women 2017"]
[Site "Riyadh KSA"]
[Date "2017.12.30"]
[Round "12.28"]
[White "Cornette, Deimante"]
[Black "Gvetadze, Sofio"]
[Result "1-0"]
[WhiteTitle "IM"]
[BlackTitle "IM"]
[WhiteElo "2439"]
[BlackElo "2289"]
[WhiteFideId "12802859"]
[BlackFideId "13601440"]
[EventDate "2017.12.29"]

1. e4 c6 2. d4 d5 3. Nd2 dxe4 4. Nxe4 Nf6 5. Nxf6+ exf6 6. c3 Be6 7. Bd3 Bd6 8.
Ne2 Qc7 9. Be3 Nd7 10. Qc2 h6 11. h3 O-O 12. O-O b5 13. Qd2 Nb6 14. b3 a5 15.
Nf4 Bd7 16. Nh5 Rfe8 17. Bxh6 Bf8 18. Bf4 Qc8 19. Rfe1 Rxe1+ 20. Rxe1 Nd5 21.
Bg3 Bf5 22. Nf4 Nxc3 23. Qxc3 Bb4 24. Qc1 Bxe1 25. Qxe1 Bxd3 26. Nxd3 Qd7 27.
Qc3 a4 28. Nc5 Qd5 29. f3 axb3 30. axb3 Ra2 31. Qe3 Ra8 32. Ne4 Rd8 33. Bf2 Qe6
34. Qf4 Qxb3 35. Qc7 Rf8 36. Qxc6 b4 37. d5 Qd1+ 38. Kh2 b3 39. Qb5 Qc2 40. Bd4
f5 41. Nc5 Qd2 42. Nxb3 Qf4+ 43. Kh1 Rb8 44. Qc4 Rxb3 45. Qxb3 Qxd4 46. Qb8+ Kh7
47. Qd6 f4 48. Qd8 Qe3 49. Qh4+ Kg6 50. d6 Qd2 51. Qg4+ Kf6 52. d7 g5 53. h4
Qe1+ 54. Kh2 Qd2 55. Qxg5+ Ke6 56. d8=Q Qxd8 1-0

[Event "World Blitz Women 2017"]
[Site "Riyadh KSA"]
[Date "2017.12.30"]
[Round "12.29"]
[White "Gevorgyan, Maria"]
[Black "Melia, Salome"]
[Result "1-0"]
[WhiteTitle "WIM"]
[BlackTitle "IM"]
[WhiteElo "2275"]
[BlackElo "2404"]
[WhiteFideId "13300270"]
[BlackFideId "13602446"]
[EventDate "2017.12.29"]

1. e4 c6 2. d4 Na6 3. Nf3 Nc7 4. c4 d5 5. exd5 cxd5 6. Nc3 Nf6 7. Bf4 Bg4 8.
Qa4+ Bd7 9. Qb3 Bc6 10. Ne5 Ne6 11. Be3 g6 12. cxd5 Nxd5 13. Nxd5 Qxd5 14. Qxd5
Bxd5 15. Bb5+ Kd8 16. Nxf7+ Kc7 17. Nxh8 Bg7 18. Nf7 Bxd4 19. O-O Kb6 20. Bd7
Bxe3 21. fxe3 Nc5 22. Bg4 Ne4 23. Rad1 Bc6 24. Ne5 a5 25. Nxc6 bxc6 26. Rf7 Nf6
27. Bf3 Ra7 28. Rc1 c5 29. Rf8 a4 30. Rb8+ Kc7 31. Rb5 Nd7 32. b4 axb3 33. axb3
Ra2 34. b4 Rb2 35. Rb7+ Kc8 36. bxc5 Rxb7 37. Bxb7+ 1-0

[Event "World Blitz Women 2017"]
[Site "Riyadh KSA"]
[Date "2017.12.30"]
[Round "12.30"]
[White "Fataliyeva, Ulviyya"]
[Black "Danielian, Elina"]
[Result "0-1"]
[WhiteTitle "WGM"]
[BlackTitle "GM"]
[WhiteElo "2384"]
[BlackElo "2413"]
[WhiteFideId "13403052"]
[BlackFideId "13300210"]
[EventDate "2017.12.29"]

1. e4 c6 2. c4 e5 3. Nf3 d6 4. d4 Bg4 5. dxe5 Bxf3 6. Qxf3 dxe5 7. Nc3 Nd7 8.
Be3 Ngf6 9. Rd1 Qc7 10. Be2 Bc5 11. O-O O-O 12. Rd2 a5 13. Rfd1 Bxe3 14. Qxe3 b6
15. Na4 Rab8 16. Rd6 Rfe8 17. b3 Nf8 18. c5 b5 19. Nc3 Ne6 20. Bf1 h6 21. a4
bxa4 22. bxa4 Rb4 23. h3 Qb7 24. f3 Rd4 25. Ne2 Rxd1 26. Rxd1 Qb4 27. Qc3 Nxc5
28. Rc1 Qxc3 29. Rxc3 Nfd7 30. Ng3 g6 31. Be2 Rb8 32. Kf2 Rb4 33. Nf1 Rxa4 34.
Ne3 Kg7 35. Nc4 Kf6 36. Nb6 Rb4 0-1

[Event "World Blitz Women 2017"]
[Site "Riyadh KSA"]
[Date "2017.12.30"]
[Round "12.31"]
[White "Enkhtuul, Altan-Ulzii"]
[Black "Zatonskih, Anna"]
[Result "0-1"]
[WhiteTitle "WGM"]
[BlackTitle "IM"]
[WhiteElo "2344"]
[BlackElo "2452"]
[WhiteFideId "4901444"]
[BlackFideId "14101572"]
[EventDate "2017.12.29"]

1. d4 d5 2. Nf3 Nf6 3. c4 e6 4. g3 Bb4+ 5. Bd2 Be7 6. Bg2 O-O 7. Qc2 Ne4 8. O-O
Nxd2 9. Nbxd2 Nd7 10. e4 dxe4 11. Nxe4 Nf6 12. Nc3 c6 13. Rfd1 Qc7 14. a3 b6 15.
Ne5 Bb7 16. Ne4 Nxe4 17. Bxe4 g6 18. h4 Bf6 19. Nf3 Rad8 20. h5 c5 21. d5 exd5
22. cxd5 Qd6 23. Rac1 Bc8 24. hxg6 fxg6 25. Nd2 Bd4 26. Nf3 Qxg3+ 27. Kf1 Rxf3
28. Bxf3 Qxf3 29. Qe2 Bh3+ 30. Ke1 Bxf2+ 31. Kd2 Qf4+ 32. Kc2 Bf5+ 33. Kb3 Bd4
34. Ka2 Qd6 35. Rd2 Qxd5+ 36. Ka1 Be6 0-1

[Event "World Blitz Women 2017"]
[Site "Riyadh KSA"]
[Date "2017.12.30"]
[Round "12.32"]
[White "Ordaz Valdes, Lisandra Teresa"]
[Black "Ambartsumova, Karina"]
[Result "0-1"]
[WhiteTitle "WGM"]
[BlackTitle "WGM"]
[WhiteElo "2414"]
[BlackElo "2359"]
[WhiteFideId "3506940"]
[BlackFideId "4166299"]
[EventDate "2017.12.29"]

1. d4 g6 2. c4 Bg7 3. e4 d6 4. Nc3 e6 5. Be3 Ne7 6. Qd2 h6 7. Bd3 Nd7 8. Nge2 b6
9. d5 Ne5 10. h3 O-O 11. O-O Kh7 12. Nd4 Nxd3 13. Qxd3 e5 14. Nde2 f5 15. f4
fxe4 16. Nxe4 Nf5 17. Bc1 Bd7 18. Rb1 Qe7 19. N2c3 Rae8 20. Bd2 exf4 21. Bxf4
Qh4 22. Kh1 g5 23. Bh2 Kh8 24. Ng3 Nxg3+ 25. Bxg3 Qh5 26. Rxf8+ Rxf8 27. Rf1 Re8
28. Qf3 Qxf3 29. Rxf3 Kg8 30. Rf1 Bxc3 31. bxc3 Re3 32. Rf3 Re4 33. Rd3 Rxc4 34.
Kh2 Bf5 35. Re3 Kf7 36. Be1 Ra4 37. Rf3 Kg6 38. Re3 Rxa2 39. Re7 a5 40. Bg3 a4
41. Kg1 a3 42. Rxc7 Be4 43. Bf2 Rb2 44. Ra7 a2 45. Bxb6 Rb1+ 46. Kh2 a1=Q 47.
Rxa1 Rxa1 0-1

[Event "World Blitz Women 2017"]
[Site "Riyadh KSA"]
[Date "2017.12.30"]
[Round "12.33"]
[White "Mammadova, Gulnar"]
[Black "Savina, Anastasia"]
[Result "0-1"]
[WhiteTitle "IM"]
[BlackTitle "IM"]
[WhiteElo "2357"]
[BlackElo "2350"]
[WhiteFideId "13403508"]
[BlackFideId "4196872"]
[EventDate "2017.12.29"]

1. e4 e5 2. Nf3 Nc6 3. Bc4 Bc5 4. O-O Nf6 5. d3 O-O 6. c3 d5 7. exd5 Nxd5 8.
Nbd2 Nb6 9. Bb5 Bd6 10. Ne4 Ne7 11. d4 exd4 12. Nxd4 Nbd5 13. Qf3 c6 14. Bd3 Ng6
15. Bc2 Bc7 16. Bg5 f6 17. Be3 Ne5 18. Qe2 Nxe3 19. fxe3 Bg4 20. Qf2 Qe8 21. h3
Bh5 22. Nf5 Rd8 23. Qh4 Bg6 24. Nd4 Kh8 25. Rad1 Nc4 26. Nf5 Rxd1 27. Bxd1 Qe5
28. Neg3 Nxe3 29. Nxe3 Qxe3+ 30. Kh2 Bxg3+ 31. Qxg3 Qxg3+ 32. Kxg3 Rd8 33. Bf3
Kg8 34. Rf2 Kf8 35. Kf4 Bf7 36. b4 Bd5 37. Rd2 Ke7 38. Re2+ Kd6 39. Rd2 Kc7 40.
Re2 Bxf3 41. gxf3 Kd6 42. c4 Rd7 43. Kf5 Kc7 44. Rg2 c5 45. b5 a6 46. a4 axb5
47. axb5 Kd8 48. Ke6 Re7+ 49. Kd6 b6 50. Kc6 Re6+ 51. Kb7 g5 52. Rd2+ Ke7 53.
Kc7 f5 54. Rd7+ Kf6 55. Rxh7 Ke5 56. h4 g4 57. fxg4 fxg4 58. Rg7 Kf4 59. h5 g3
60. Kd7 Rh6 61. Rf7+ Kg4 62. Rg7+ Kh3 63. Ke7 g2 64. Kf7 Rxh5 65. Rg6 Rh4 66.
Ke7 Rg4 67. Rxb6 g1=Q 68. Kd7 Qd4+ 69. Kc7 Rg7+ 70. Kc8 Qd7+ 0-1

[Event "World Blitz Women 2017"]
[Site "Riyadh KSA"]
[Date "2017.12.30"]
[Round "12.34"]
[White "Zimina, Olga"]
[Black "Mamedjarova, Turkan"]
[Result "0-1"]
[WhiteTitle "IM"]
[BlackTitle "WGM"]
[WhiteElo "2415"]
[BlackElo "2260"]
[WhiteFideId "4132190"]
[BlackFideId "13402005"]
[EventDate "2017.12.29"]

1. Nf3 d5 2. c4 Nf6 3. cxd5 Nxd5 4. e4 Nf6 5. Nc3 e6 6. d4 c5 7. Be2 Nc6 8. dxc5
Qxd1+ 9. Bxd1 Bxc5 10. O-O O-O 11. Ba4 Nd4 12. Be3 Nxf3+ 13. gxf3 Bxe3 14. fxe3
Bd7 15. Bb3 Bc6 16. Rfd1 Rfd8 17. Kf2 h6 18. Ne2 e5 19. Nc3 a5 20. Nd5 a4 21.
Ne7+ Kf8 22. Nxc6 Rxd1 23. Bxd1 bxc6 24. Rc1 Ra6 25. b3 a3 26. Be2 Rb6 27. Rc5
Nd7 28. Ra5 Ke7 29. Rxa3 g6 30. Ra7 Kd6 31. Bc4 f5 32. exf5 gxf5 33. Ra8 Nb8 34.
Ra7 Nd7 35. Ke2 Rb8 36. Ra5 h5 37. Kf2 h4 38. Ra7 Rh8 39. Bf1 f4 40. exf4 exf4
41. Ra4 Ke5 42. Ra5+ Kf6 43. Bh3 Ne5 44. Ra6 Rd8 45. Ke2 Ke7 46. Ra7+ Kf6 47.
Rh7 Nd3 48. Rxh4 Nc1+ 49. Ke1 Ke5 50. Rh5+ Kd4 51. Rf5 Ke3 52. Bg4 Ra8 53. Rc5
Nd3+ 54. Kd1 Nxc5 0-1

[Event "World Blitz Women 2017"]
[Site "Riyadh KSA"]
[Date "2017.12.30"]
[Round "12.35"]
[White "Khukhashvili, Sopiko"]
[Black "Shuvalova, Polina"]
[Result "0-1"]
[WhiteTitle "IM"]
[BlackTitle "WIM"]
[WhiteElo "2312"]
[BlackElo "2385"]
[WhiteFideId "13602055"]
[BlackFideId "24171760"]
[EventDate "2017.12.29"]

1. c4 Nf6 2. Nc3 e5 3. g3 d5 4. cxd5 Nxd5 5. Bg2 Nb6 6. Nf3 Nc6 7. d3 Be7 8. O-O
O-O 9. Be3 Re8 10. a3 Bf8 11. b4 Nd4 12. Rb1 a5 13. Bxd4 exd4 14. Nb5 axb4 15.
axb4 Nd5 16. Qd2 Ra4 17. Nbxd4 Rxb4 18. e4 Rxb1 19. Rxb1 Nf6 20. h3 c6 21. Qc3
g6 22. Nb3 Bg7 23. Qc2 Nd7 24. d4 Qe7 25. e5 f6 26. exf6 Nxf6 27. Nc5 Nd5 28.
Qb3 b6 29. Nd3 Kh8 30. Nde5 Qf6 31. Qc4 Bb7 32. Nd2 Qf5 33. Be4 Qe6 34. Ndf3 Rf8
35. Kg2 c5 36. Re1 Rxf3 37. Bxf3 Bxe5 38. Rxe5 Nf4+ 39. gxf4 Bxf3+ 40. Kxf3 Qxc4
41. d5 Qd3+ 42. Kg2 Qd4 43. f3 Kg7 44. Kg3 c4 45. Re7+ Kh6 46. Rd7 Qg1+ 47. Kh4
g5+ 0-1